[Event "?"]
[Site "FIDE GP rapid"]
[Date "2002.??.??"]
[Round "?"]
[White "Short, Nigel D"]
[Black "Svidler, Peter"]
[Result "1/2-1/2"]
[WhiteElo "2660"]
[BlackElo "2685"]

1. e4 c5 2. Nf3 e6 3. d4 cxd4 4. Nxd4 a6 5. Bd3 Bc5 6. Nb3 Be7 7. Qg4 g6 8.
Qe2 d6 9. Nc3 Nc6 10. O-O Qc7 11. Bd2 Bf8 12. f4 Bg7 13. Rae1 Nf6 14. Nd1
O-O 15. Ne3 b5 16. g4 d5 17. e5 Ne4 18. g5 Ne7 19. Bb4 a5 20. Bxe7 Qxe7 21.
Bxb5 a4 22. Nd4 a3 23. c4 Qc5 24. Nb3 Qb6 25. Kg2 dxc4 26. Bxc4 Bb7 27. Kh3
axb2 28. Qxb2 Rfd8 29. Qc2 Ra3 30. Re2 Nd2 31. Rd1 Nxb3 32. Rxd8+ Qxd8 33.
axb3 Qd4 34. Kg3 Ra1 35. Qd3 Rg1+ 36. Kf2 Rg2+ 37. Ke1 Qa1+ 38. Kd2 Rg1 39.
Qc3 Qa2+ 40. Kd3 Qa8 41. Qd4 Bf8 42. Nc2 Rb1 43. Rd2 Ba6 44. Ke3 Bxc4 45.
Qxc4 h6 46. gxh6 Bxh6 47. Nd4 Re1+ 48. Re2 Rf1 49. Rf2 Rxf2 50. Kxf2 Bxf4
51. Nxe6 Bxh2 52. Ng5 Qa7+ 53. Kf3 Bxe5 54. Qd5 Qe7 55. Ne4 Kg7 56. b4 f5
57. Nc5 Bd6 58. Nd3 Bc7 59. b5 Bb6 60. Ne5 Bc7 61. Nc4 Qe4+ 1/2-1/2

[Event "?"]
[Site "Masters New York, NY USA"]
[Date "2003.??.??"]
[Round "?"]
[White "Ehlvest, Jaan"]
[Black "Stripunsky, Alexander"]
[Result "1-0"]
[WhiteElo "2700"]
[BlackElo "2645"]

1. e4 c5 2. Nf3 e6 3. d4 cxd4 4. Nxd4 a6 5. Bd3 Bc5 6. Nb3 Be7 7. O-O d6 8.
c4 Nf6 9. Nc3 b6 10. Be3 Bb7 11. Rc1 Nbd7 12. Nd4 O-O 13. Bb1 Rc8 14. Qe2
Re8 15. f4 Bf8 16. Nf3 Qc7 17. b3 g6 18. Ng5 Bg7 19. Kh1 Qb8 20. Bd2 h6 21.
Nf3 Nh5 22. Qf2 b5 23. cxb5 axb5 24. Nxb5 Ba6 25. a4 Bxb5 26. axb5 Qxb5 27.
b4 Ndf6 28. h3 Nd7 29. Rfe1 Rxc1 30. Rxc1 e5 31. f5 gxf5 32. Nh4 Qe2 33.
Qxe2 Ng3+ 34. Kh2 Nxe2 35. Rc7 Nf6 36. Nxf5 d5 37. Bxh6 Bf8 38. Bxf8 Kxf8
39. Nd6 Re6 40. Rc8+ Ke7 41. Nf5+ Kd7 42. exd5 Nxd5 43. Rf8 Nec3 44. Rxf7+
Ke8 45. Rb7 Rf6 46. Bc2 e4 47. g4 e3 48. Kg3 e2 49. Kf2 Ra6 50. Bd3 Ra2 51.
Nd6+ Kf8 52. Bc4 Rd2 53. Rf7+ Kg8 54. Re7 Kh8 55. Re8+ Kg7 56. Nf5+ Kf6 57.
Bxe2 Nf4 58. Ng3 Nxh3+ 59. Ke3 Rb2 60. Ne4+ Nxe4 61. Rxe4 Ng5 62. Rf4+ Ke5
63. Rf5+ 1-0

[Event "?"]
[Site "Amber-blind"]
[Date "2000.??.??"]
[Round "?"]
[White "Lautier, Joel"]
[Black "Gelfand, Boris"]
[Result "1/2-1/2"]
[WhiteElo "2630"]
[BlackElo "2690"]

1. e4 c5 2. Nf3 e6 3. d4 cxd4 4. Nxd4 a6 5. Bd3 Bc5 6. Nb3 Be7 7. O-O d6 8.
Qg4 g6 9. Qe2 Nd7 10. c4 Ne5 11. Nc3 Nf6 12. Bg5 h6 13. Bd2 b6 14. Nd4 Qc7
15. b3 Bb7 16. Bc2 g5 17. Kh1 Rg8 18. f3 h5 19. a4 h4 20. Be3 g4 21. f4
Ned7 22. Kg1 Nc5 23. Bd2 h3 24. g3 d5 25. exd5 exd5 26. Nf5 Nce4 27. Nxe4
Nxe4 28. Nxe7 Qxe7 29. cxd5 Nxd2 30. Qxd2 O-O-O 31. Rae1 Qc5+ 32. Qf2 Qxf2+
33. Rxf2 Bxd5 34. Rd2 Bf3 35. Bf5+ Kb8 36. Bd7 Rg6 37. Re7 Rf6 38. Kf2
1/2-1/2

[Event "?"]
[Site "FIDE World Cup final"]
[Date "2002.??.??"]
[Round "?"]
[White "Kasimdzhanov, Rustam"]
[Black "Ye Jiangchuan"]
[Result "1/2-1/2"]
[WhiteElo "2650"]
[BlackElo "2665"]

1. e4 c5 2. Nf3 e6 3. d4 cxd4 4. Nxd4 a6 5. Bd3 Bc5 6. Nb3 Be7 7. O-O d6 8.
c4 Nf6 9. Nc3 O-O 10. Be3 b6 11. Qe2 Bb7 12. Rad1 Qc7 13. f4 Nbd7 14. f5
Rae8 15. fxe6 fxe6 16. Bf4 Ne5 17. Bg3 Bd8 18. Kh1 g6 19. Nd4 Qg7 20. c5
Nxd3 21. c6 Ne5 22. cxb7 Qxb7 23. Nf3 Nxf3 24. Rxf3 d5 25. exd5 exd5 26.
Qd3 Nh5 27. Rxf8+ Rxf8 28. Bd6 Rf6 29. Be5 Re6 30. Bg3 Nxg3+ 31. Qxg3 Qf7
32. Nxd5 Re2 33. Qd6 Qe8 34. h3 Re6 35. Qg3 b5 1/2-1/2

[Event "?"]
[Site "XIII TCh-RUS, Sochi RUS"]
[Date "2006.??.??"]
[Round "8"]
[White "Karjakin, Sergey"]
[Black "Miton, Kamil"]
[Result "1/2-1/2"]
[WhiteElo "2660"]
[BlackElo "2645"]

1. e4 c5 2. Nf3 e6 3. d4 cxd4 4. Nxd4 a6 5. Bd3 Bc5 6. Nb3 Be7 7. Be3 d6 8.
N1d2 Nd7 9. f4 b6 10. Qf3 Bb7 11. O-O-O Ngf6 12. g4 g6 13. Rhf1 Qc7 14. g5
Nh5 15. Qh3 Rc8 16. Kb1 d5 17. exd5 Bxd5 18. c4 Bc6 19. f5 exf5 20. Bxf5
O-O 21. Nd4 Rcd8 22. Ne6 fxe6 23. Bxg6 hxg6 24. Qxe6+ Kh8 25. Qxg6 Qd6 26.
Qxh5+ Kg7 27. Bd4+ Qxd4 28. Qh6+ Kg8 29. Qe6+ Kh8 30. Qh6+ 1/2-1/2

[Event "?"]
[Site "Continental Open"]
[Date "2000.??.??"]
[Round "?"]
[White "Ehlvest, Jaan"]
[Black "Smirin, Ilia"]
[Result "0-1"]
[WhiteElo "2625"]
[BlackElo "2675"]

1. e4 c5 2. Nf3 e6 3. d4 cxd4 4. Nxd4 a6 5. Bd3 Bc5 6. Nb3 Be7 7. O-O d6 8.
c4 Nf6 9. Nc3 O-O 10. f4 Nc6 11. Kh1 b6 12. Be3 Bb7 13. Rc1 Rc8 14. a3 Re8
15. Bb1 Bf8 16. Qe2 Nd7 17. Rfd1 Qc7 18. Nd2 Qb8 19. Nf3 Rcd8 20. b4 g6 21.
Bd3 Ba8 22. Qf2 Qb7 23. Ng5 Bg7 24. Qh4 h5 25. Be2 Ne7 26. Qf2 Qb8 27. Na4
Nc8 28. f5 exf5 29. exf5 Re7 30. Bd3 Ne5 31. Bf4 0-1

[Event "?"]
[Site "Japfa Classic"]
[Date "2000.??.??"]
[Round "?"]
[White "Zaw Win Lay"]
[Black "Timman, Jan H"]
[Result "1/2-1/2"]
[WhiteElo "2630"]
[BlackElo "2655"]

1. e4 c5 2. Nf3 e6 3. d4 cxd4 4. Nxd4 a6 5. Bd3 Bc5 6. Nb3 Bb6 7. Qe2 d6 8.
Be3 Nf6 9. Bxb6 Qxb6 10. O-O Nc6 11. Nc3 O-O 12. Rad1 Qc7 13. a4 b6 14. f4
Bb7 15. Kh1 Rfd8 16. f5 Re8 17. fxe6 fxe6 18. Rde1 Ne5 19. Nd4 Qc5 20. Nf3
Nfd7 21. Qe3 Qxe3 22. Rxe3 Rac8 23. Rd1 Kf8 24. Kg1 Ke7 25. Nxe5 Nxe5 26.
Be2 Rc5 27. Rh3 h6 28. Rg3 g6 29. Kf2 Rf8+ 30. Ke3 h5 31. h4 Rfc8 32. Kf4
Rb8 33. Rd2 Bc8 34. Re3 Ra8 35. Kg3 Bd7 36. Rd4 b5 37. axb5 axb5 38. Rb4
Rac8 39. Nxb5 Rxc2 40. Nd4 R2c7 41. Reb3 Rc1 42. Rb7 Kf6 43. R3b6 Bc6 44.
Nxc6 R8xc6 45. Rxc6 Nxc6 46. Bf3 Nd4 47. Rd7 Ke5 48. Rd8 Rc2 49. Rg8 Ne2+
50. Kh2 Kf6 51. Rf8+ Ke5 52. Rg8 Nf4 53. Rb8 Nd3 54. b4 Rb2 55. b5 Nc5 56.
Rg8 Kf6 57. Rf8+ Ke7 58. Rg8 Kf7 59. Rd8 Rxb5 60. Rxd6 Rb4 61. g4 hxg4 62.
Bxg4 Rxe4 63. Kh3 Re5 64. Rd4 Ne4 65. Bf3 Nf6 66. Ra4 Kg7 67. Kg3 Rf5 68.
Ra7+ Kh6 69. Re7 e5 70. Kg2 g5 71. hxg5+ Kxg5 72. Kg3 Nh5+ 73. Bxh5 Kxh5
74. Rg7 Kh6 75. Rg4 1/2-1/2

[Event "?"]
[Site "Pedro Zabala (6eme memorial)"]
[Date "2004.??.??"]
[Round "?"]
[White "Li Shilong"]
[Black "Topalov, Veselin"]
[Result "0-1"]
[WhiteElo "2525"]
[BlackElo "2755"]

1. e4 c5 2. Nf3 e6 3. d4 cxd4 4. Nxd4 a6 5. Bd3 Bc5 6. Nb3 Be7 7. Qg4 g6 8.
Nc3 d6 9. Be3 b5 10. O-O-O Nd7 11. f4 Ngf6 12. Qe2 Qc7 13. a3 Bb7 14. Kb1
O-O 15. f5 Rfe8 16. h4 Ne5 17. h5 Nxd3 18. cxd3 gxf5 19. exf5 e5 20. g4
Bxh1 21. Rxh1 Qb7 22. Rg1 Nd5 23. g5 Nxc3+ 24. bxc3 Qd5 25. Kb2 Rac8 26. f6
Bd8 27. g6 Bxf6 28. Rf1 Re6 29. gxf7+ Kxf7 30. Nd2 Qc6 31. Ne4 d5 32. Ng5+
Ke7 33. Nxe6 Qxe6 34. Qf2 Rc6 35. Bc5+ Kd7 36. Bb4 Qh3 37. Qa7+ Rc7 38. Qf2
Bg5 39. Rd1 Bf4 40. Qb6 Qe6 41. Qb8 Qg4 42. Re1 Qg2+ 43. Kb3 Qf2 44. Ba5 e4
45. Qf8 Qxe1 46. Qf5+ Kc6 47. Qe6+ Bd6 0-1

[Event "?"]
[Site "79. International"]
[Date "2004.??.??"]
[Round "?"]
[White "Kotronias, Vasilios"]
[Black "Epishin, Vladimir V"]
[Result "1/2-1/2"]
[WhiteElo "2625"]
[BlackElo "2655"]

1. e4 c5 2. Nf3 e6 3. d4 cxd4 4. Nxd4 a6 5. Bd3 Bc5 6. Nb3 Be7 7. Qg4 g6 8.
Qe2 d6 9. a4 Nd7 10. a5 Ne5 11. Nc3 Nf6 12. Na4 Nxd3+ 13. cxd3 e5 14. Nb6
Rb8 15. d4 Be6 16. d5 Bd7 17. Nxd7 Qxd7 18. Bh6 Ng4 19. Bg7 Rg8 20. f3 Nf6
21. Bxf6 Bxf6 22. Nd2 Kf8 23. Nc4 Kg7 24. Nb6 Qc7 25. Qc4 Bd8 26. Qxc7 Bxc7
27. Nc4 f5 28. Ke2 Rgf8 29. g3 Rf7 30. Rhf1 Rbf8 31. exf5 gxf5 32. Ra4 Bb8
33. Rd1 Rc7 34. h3 Rf6 35. b3 Ba7 36. Nb6 Bxb6 37. axb6 Rc5 38. f4 exf4 39.
Rxf4 Rb5 40. Rd3 Rxb6 41. b4 Rb5 42. Kd2 b6 43. Kc3 a5 44. Kb3 h5 1/2-1/2

[Event "?"]
[Site "GER CupT final"]
[Date "2002.??.??"]
[Round "?"]
[White "Svidler, Peter"]
[Black "Epishin, Vladimir V"]
[Result "1-0"]
[WhiteElo "2685"]
[BlackElo "2595"]

1. e4 c5 2. Nf3 e6 3. d4 cxd4 4. Nxd4 a6 5. Bd3 Bc5 6. Nb3 Be7 7. Qg4 g6 8.
Qe2 d6 9. a4 Nc6 10. a5 Nf6 11. Nc3 O-O 12. O-O Re8 13. Be3 Bf8 14. Na4 Bg7
15. Nb6 Rb8 16. c3 Bd7 17. Rfd1 Ne5 18. Bc2 Qc7 19. h3 Bb5 20. Qd2 d5 21.
exd5 Nxd5 22. Nxd5 exd5 23. Bf4 Rbd8 24. Nd4 Qc5 25. b4 Qc8 26. Bg5 Nc4 27.
Qf4 f6 28. Bh6 Nd6 29. Bxg7 Kxg7 30. Rac1 Bc4 31. Re1 Qd7 32. h4 h5 33. f3
Rxe1+ 34. Rxe1 Re8 35. Qg3 Rxe1+ 36. Qxe1 Kf7 37. Qe3 Qe8 38. Qxe8+ Nxe8
39. g4 Ng7 40. Kf2 g5 41. gxh5 Nxh5 42. hxg5 fxg5 43. Bf5 Ke7 44. Bc8 Kd6
45. Bxb7 Nf4 46. Bc8 Nd3+ 47. Ke3 Nf4 48. b5 Bxb5 49. Nxb5+ axb5 50. a6 d4+
51. Kxd4 1-0

[Event "?"]
[Site "Bundesliga"]
[Date "2005.??.??"]
[Round "7"]
[White "Kasimdzhanov, Rustam"]
[Black "Lutz, Christopher"]
[Result "1/2-1/2"]
[WhiteElo "2670"]
[BlackElo "2605"]

1. e4 c5 2. Nf3 e6 3. d4 cxd4 4. Nxd4 a6 5. Bd3 Bc5 6. Nb3 Be7 7. Qg4 g6 8.
Qe2 d6 9. O-O Nd7 10. a4 Ne5 11. a5 Nf6 12. Nc3 Bd7 13. Be3 O-O 14. Bb6 Qe8
15. f4 Nxd3 16. cxd3 e5 17. f5 gxf5 18. exf5 Kh8 19. d4 Bd8 20. dxe5 dxe5
21. Bc5 Rg8 22. Bd6 Bc6 23. g3 Nd7 24. Nd2 Be7 25. Nde4 Bxd6 26. Nxd6 Qe7
27. Rad1 Raf8 28. Qc4 Qf6 29. Nxb7 Bxb7 30. Rxd7 Ba8 31. Nd5 Qh6 32. Qe2
Bc6 33. Rc7 Qd6 34. Rxc6 Qxc6 35. Qxe5+ f6 36. Qe6 Qc5+ 37. Kg2 Qd4 38. b4
Rg7 39. Rf4 Qd2+ 40. Rf2 Qd4 41. Re2 Rb7 42. Qe4 Qxe4+ 43. Rxe4 Rd7 44. Nf4
Rfd8 45. Ne6 Rd2+ 46. Kh3 R8d5 47. Rc4 h5 48. Nf4 Rxf5 49. Rc6 1/2-1/2

[Event "?"]
[Site "EU Team Ch (Men)"]
[Date "2001.??.??"]
[Round "?"]
[White "Shirov, Alexei D"]
[Black "Agrest, Evgenij"]
[Result "1-0"]
[WhiteElo "2705"]
[BlackElo "2560"]

1. e4 c5 2. Nf3 e6 3. d4 cxd4 4. Nxd4 a6 5. Bd3 Bc5 6. Nb3 Be7 7. O-O d6 8.
c4 b6 9. Nc3 Bb7 10. f4 Nd7 11. Be3 Ngf6 12. Qf3 g6 13. Rad1 Qc7 14. Qh3 h5
15. f5 gxf5 16. exf5 e5 17. Be2 Rg8 18. Bf3 Bxf3 19. Qxf3 Rb8 20. Nd2 b5
21. cxb5 axb5 22. Nde4 b4 23. Nd5 Nxd5 24. Rxd5 Nf6 25. Rc1 Qb7 26. Nxf6+
Bxf6 27. Rcd1 h4 28. Bf2 Kf8 29. Qh3 Rd8 30. Bc5 Rg5 31. Be3 Rg8 32. Bc5
Rg5 33. Qd3 Rd7 34. Bf2 Rg8 35. h3 Qc6 36. Qe4 Rc7 37. Qxb4 Be7 38. Bxh4 f6
39. R1d2 Qc1+ 40. Kh2 Rc4 41. Qb8+ Kf7 42. Qb3 Qf1 43. Rf2 Qc1 44. Rd1 1-0

[Event "?"]
[Site "Internet Tournament, Secti"]
[Date "2003.??.??"]
[Round "?"]
[White "HSK"]
[Black "boca"]
[Result "1-0"]
[WhiteElo "2530"]
[BlackElo "2730"]

1. e4 c5 2. Nf3 e6 3. d4 cxd4 4. Nxd4 Qb6 5. Nc3 Bc5 6. Na4 Qa5+ 7. Nc3 Qb6
8. Na4 Qa5+ 9. Nc3 Nf6 10. Nb3 Qb6 11. Nxc5 Qxc5 12. Be3 Qb4 13. Bd3 a6 14.
O-O d6 15. a3 Qa5 16. b4 Qc7 17. Na4 Nbd7 18. c4 b6 19. Rc1 O-O 20. c5 bxc5
21. bxc5 dxc5 22. Nxc5 Nxc5 23. Rxc5 Qb8 24. Qc2 Ng4 25. e5 f5 26. Rb1 Bb7
27. Rc7 Nxe3 28. fxe3 Ra7 29. Qc4 Rf7 30. Rbxb7 Qxc7 31. Rxc7 Raxc7 32.
Qxe6 g6 33. Bxa6 Kg7 34. Bc4 Rfe7 35. Qf6+ Kh6 36. Bd3 Rf7 37. Qh4+ Kg7 38.
Qd4 Rfd7 39. Qb6 Re7 40. Qf6+ Kh6 41. h4 Rf7 42. Qg5+ Kg7 43. h5 Rc6 44.
h6+ Kg8 45. Qd8+ Rf8 46. Qd5+ 1-0

[Event "?"]
[Site "Bastia FRA, Corsica Masters"]
[Date "2002.??.??"]
[Round "?"]
[White "Almasi, Zoltan"]
[Black "Milov, Vadim"]
[Result "1/2-1/2"]
[WhiteElo "2500"]
[BlackElo "2755"]

1. e4 c5 2. Nf3 e6 3. d4 cxd4 4. Nxd4 a6 5. Bd3 Bc5 6. Nb3 Be7 7. Qg4 g6 8.
Qe2 d6 9. Be3 Nd7 10. Nc3 Qc7 11. g4 b5 12. a3 Bb7 13. O-O-O Nc5 14. Kb1
Nf6 15. Bh6 O-O-O 16. f3 Kb8 17. Bf4 e5 18. Be3 Nfd7 19. Nd5 Bxd5 20. exd5
Rc8 21. h4 h5 22. g5 Bd8 23. Rhf1 Qb7 24. Nxc5 Nxc5 25. c3 Bb6 26. Bc2 Rhe8
27. Bc1 Nd7 28. a4 b4 29. cxb4 Bd4 30. Rd3 Nb6 31. Bb3 Nxd5 32. Bxd5 Qxd5
33. Be3 Qc4 34. Bxd4 exd4 35. Qd1 Rc6 36. Rxd4 Qe2 37. Qxe2 Rxe2 38. Rc1
Rb6 39. Rf4 Re7 40. Ka2 Kb7 41. Kb3 d5 42. Rc5 Rd6 43. b5 d4 44. bxa6+ Kxa6
45. Rf6 Rxf6 46. gxf6 Rd7 47. Kc2 Rd6 48. b4 Rxf6 49. Rd5 Rxf3 50. Rxd4 Kb6
51. Kb2 f6 52. Rd6+ Kc7 53. Re6 g5 54. hxg5 fxg5 55. Re5 Rg3 56. a5 h4 57.
b5 Kd6 58. b6 Rf3 59. b7 Kc7 60. a6 Rf8 61. Rxg5 Rh8 62. Rg2 h3 63. Rh2 Kb8
64. Kc3 Rh6 65. Kd3 Rxa6 66. Ke4 Kxb7 1/2-1/2

[Event "?"]
[Site "Europe (championnat)"]
[Date "2003.??.??"]
[Round "?"]
[White "Glek, Igor V"]
[Black "Rublevsky, Sergei"]
[Result "1-0"]
[WhiteElo "2550"]
[BlackElo "2670"]

1. e4 c5 2. Nf3 e6 3. d4 cxd4 4. Nxd4 a6 5. Bd3 Bc5 6. Nb3 Be7 7. O-O d6 8.
c4 b6 9. Nc3 Bb7 10. f4 Nd7 11. Qe2 Ngf6 12. Bd2 O-O 13. Rae1 Re8 14. Bb1
g6 15. e5 Nh5 16. g4 Ng7 17. exd6 Bxd6 18. Be4 Bxe4 19. Nxe4 Be7 20. Bc3 f5
21. Nf2 Qc7 22. Rd1 Rad8 23. Rd4 Bd6 24. Qd2 Nc5 25. Rd1 Bxf4 26. Qxf4 e5
27. Qxe5 Qxe5 28. Rxd8 Qe7 29. R8d5 Nce6 30. Rd7 Qg5 31. Re1 Rd8 32. Rb7 h5
33. Rxb6 hxg4 34. Rbxe6 Nxe6 35. Rxe6 g3 36. hxg3 Qxg3+ 37. Kf1 f4 38. Be5
g5 39. Nd4 Rxd4 40. Bxd4 f3 41. Re4 Qg2+ 42. Ke1 Qg1+ 43. Kd2 Kf7 44. Rg4
Qf1 45. Nd3 Kg6 46. Kc3 Kf5 47. Rg1 Qh3 48. c5 Qh6 49. Re1 Kg4 50. Nf2+ Kg3
51. Rh1 Qe6 52. Rg1+ Kf4 53. b3 a5 54. Rg4+ Kf5 55. Re4 Qc6 56. Re5+ Kg6
57. Nd3 g4 58. Re6+ Qxe6 59. Nf4+ Kf5 60. Nxe6 g3 61. Kd2 Kxe6 62. Ke3 f2
63. Ke2 Kd5 64. Be3 a4 65. b4 1-0

[Event "?"]
[Site "Ch Budapest HUN"]
[Date "1997.??.??"]
[Round "?"]
[White "Sax, Gyula"]
[Black "Chernin, Alexander M"]
[Result "1/2-1/2"]
[WhiteElo "2570"]
[BlackElo "2640"]

1. e4 c5 2. Nf3 e6 3. d4 cxd4 4. Nxd4 a6 5. Bd3 Bc5 6. Nb3 Be7 7. c4 Qc7 8.
Nc3 Nf6 9. Be3 b6 10. Na4 Bb4+ 11. Kf1 Bc5 12. Nbxc5 bxc5 13. Bxc5 d6 14.
Ba3 Bb7 15. f3 Nc6 16. Kf2 O-O 17. Re1 Rfd8 18. Kg1 d5 19. cxd5 exd5 20. e5
Nxe5 21. Rc1 Qxc1 22. Bxh7+ Nxh7 23. Qxc1 Nd3 24. Qc7 Nxe1 25. Qxb7 d4 26.
Be7 Re8 27. Kf2 1/2-1/2

[Event "?"]
[Site "Europe (championnat)"]
[Date "2003.??.??"]
[Round "?"]
[White "Jaracz, Pawel"]
[Black "Smirin, Ilia"]
[Result "0-1"]
[WhiteElo "2545"]
[BlackElo "2660"]

1. e4 c5 2. Nf3 e6 3. d4 cxd4 4. Nxd4 a6 5. Bd3 Bc5 6. Nb3 Be7 7. Qg4 g6 8.
Qe2 d6 9. O-O Nd7 10. Kh1 Qc7 11. Nc3 b6 12. Bd2 Bb7 13. Rae1 h5 14. Nd4
Ngf6 15. Nf3 h4 16. h3 Nh5 17. Be3 Ne5 18. a4 Bf6 19. Nh2 g5 20. Ng4 Be7
21. Qd2 Rg8 22. Be2 Nc4 23. Bxc4 Qxc4 24. Bxb6 Qc6 25. a5 f5 26. Nh2 g4 27.
hxg4 fxg4 28. Qh6 Nf6 29. f3 Kd7 30. fxg4 Rh8 31. Qe3 Rag8 32. Rf4 Kc8 33.
Qf2 Rg6 34. Re3 Kb8 35. Ref3 Nd7 36. Rf7 Re8 37. Rh7 Ne5 38. Rf4 Rgg8 39.
Qe2 Rh8 40. Rxh8 Rxh8 41. Nf3 Ng6 42. Rf7 h3 43. Nd4 hxg2+ 44. Kxg2 Qe8 45.
Rxe7 Nxe7 46. Qe3 e5 47. Ba7+ Ka8 48. Na4 Qg6 49. Kf2 Qxe4 0-1

[Event "?"]
[Site "Empresa A, Montreal CAN"]
[Date "2006.??.??"]
[Round "6"]
[White "Miton, Kamil"]
[Black "Gulko, Boris F"]
[Result "1-0"]
[WhiteElo "2635"]
[BlackElo "2570"]

1. e4 c5 2. Nf3 e6 3. d4 cxd4 4. Nxd4 a6 5. Bd3 Bc5 6. Nb3 Be7 7. Be3 Nc6
8. N1d2 d5 9. f4 dxe4 10. Bxe4 Nf6 11. Bxc6+ bxc6 12. O-O O-O 13. Nc4 Nd5
14. Bd2 c5 15. Qf3 Rb8 16. Ne5 Nb4 17. Qf2 Bb7 18. Rad1 Bd5 19. c4 Nxa2 20.
Ba5 Qc8 21. cxd5 Rxb3 22. d6 Bd8 23. d7 Qb7 24. Bxd8 Rxd8 25. Qh4 f6 26.
Qh5 g6 27. Qg4 1-0

[Event "?"]
[Site "Espagne (championnat equipes)"]
[Date "2004.??.??"]
[Round "?"]
[White "Naiditsch, Arkadij"]
[Black "Macieja, Bartlomiej"]
[Result "1-0"]
[WhiteElo "2570"]
[BlackElo "2630"]

1. e4 c5 2. Nf3 e6 3. d4 cxd4 4. Nxd4 a6 5. Bd3 Bc5 6. Nb3 Be7 7. O-O d6 8.
c4 Nd7 9. Nc3 Ngf6 10. f4 b6 11. Qf3 Qc7 12. Bd2 Bb7 13. Qh3 O-O 14. Rae1
Rad8 15. g4 Nc5 16. Nxc5 dxc5 17. g5 Nh5 18. f5 Qd7 19. Nd5 exd5 20. cxd5
g6 21. Be2 f6 22. Bg4 Qe8 23. Bc3 Bc8 24. Bxh5 gxh5 25. Qg2 fxg5 26. f6
Bxf6 27. Bxf6 Rd7 28. Rf5 h6 29. e5 Bb7 30. e6 Rxd5 31. Rxd5 Bxd5 32. Qxd5
Rxf6 33. e7+ Kg7 34. Qe5 Kf7 35. Qe4 Kg7 36. Rd1 Kf7 37. Qh7+ Ke6 38. Qg7
Rf5 39. Qxh6+ Rf6 40. Re1+ Kf5 41. Rf1+ 1-0

[Event "?"]
[Site "(21eme open)"]
[Date "2004.??.??"]
[Round "?"]
[White "Korneev, Oleg"]
[Black "Epishin, Vladimir V"]
[Result "1/2-1/2"]
[WhiteElo "2565"]
[BlackElo "2630"]

1. e4 c5 2. Nf3 e6 3. d4 cxd4 4. Nxd4 a6 5. Bd3 Bc5 6. Nb3 Be7 7. Qg4 g6 8.
Qe2 d6 9. O-O Nd7 10. Nc3 Qc7 11. Bd2 b6 12. Rae1 Bb7 13. Kh1 h5 14. Nd4
Ngf6 15. h3 h4 16. Nf3 Ne5 17. a4 Kf8 18. Bg5 Nh5 19. Bxe7+ Kxe7 20. Qe3
Nxf3 21. Qxf3 Qc5 22. Qg4 Rag8 23. Qe2 Nf4 24. Qe3 g5 25. f3 Qxe3 26. Rxe3
Rc8 27. Rd1 Rhd8 28. Kg1 d5 1/2-1/2

[Event "?"]
[Site "Gibraltar Masters"]
[Date "2003.??.??"]
[Round "?"]
[White "Kotronias, Vasilios"]
[Black "Epishin, Vladimir V"]
[Result "1/2-1/2"]
[WhiteElo "2570"]
[BlackElo "2625"]

1. e4 c5 2. Nf3 e6 3. d4 cxd4 4. Nxd4 a6 5. Bd3 Bc5 6. Nb3 Be7 7. Qg4 g6 8.
Qe2 d6 9. a4 Nc6 10. a5 Nf6 11. Nc3 Ne5 12. Na4 O-O 13. O-O Bd7 14. Nb6 Rb8
15. h3 Nxd3 16. cxd3 Bb5 17. Nd4 Nd7 18. Nxb5 axb5 19. Be3 Nxb6 20. axb6
Qd7 21. Qc2 Rbc8 22. Qb3 Rfd8 23. Ra5 d5 24. Rxb5 dxe4 25. dxe4 Qc6 26. f3
Qd6 27. e5 Qd3 28. Qxd3 Rxd3 29. Re1 Rc2 30. g3 Rxe3 31. Rxe3 Bc5 32. Rxc5
1/2-1/2

[Event "?"]
[Site "14th Bora Kostic Mem, Vrsac SCG"]
[Date "2006.??.??"]
[Round "4"]
[White "Macieja, Bartlomiej"]
[Black "Markus, Robert"]
[Result "1-0"]
[WhiteElo "2610"]
[BlackElo "2585"]

1. e4 c5 2. Nf3 e6 3. d4 cxd4 4. Nxd4 a6 5. Bd3 Bc5 6. Nb3 Be7 7. f4 d6 8.
Be3 Nf6 9. Qf3 Qc7 10. N1d2 Nc6 11. g4 b6 12. a3 Bb7 13. g5 Nd7 14. O-O-O
Nc5 15. Kb1 Na5 16. Bd4 Naxb3 17. Nxb3 O-O 18. h4 Nxd3 19. cxd3 Rac8 20. g6
e5 21. gxh7+ Kh8 22. Bc3 f5 23. Qg3 Bf6 24. fxe5 dxe5 25. Rhe1 f4 26. Qf2
Qd8 27. Qf3 Bxh4 28. Bxe5 Qe7 29. Rh1 Rf5 30. Bxg7+ Qxg7 31. Rxh4 Rb5 32.
Rg4 Qe5 33. Rdg1 Rc7 34. Rg8+ Kxh7 35. Qg4 1-0

[Event "?"]
[Site "GMA Bermuda BER"]
[Date "2003.??.??"]
[Round "?"]
[White "Macieja, Bartlomiej"]
[Black "Markowski, Tomasz"]
[Result "1-0"]
[WhiteElo "2625"]
[BlackElo "2570"]

1. e4 c5 2. Nf3 e6 3. d4 cxd4 4. Nxd4 a6 5. Bd3 Bc5 6. Nb3 Be7 7. Qg4 g6 8.
Qe2 d6 9. O-O Nd7 10. Nc3 Qc7 11. Bd2 b6 12. Rae1 Bb7 13. Kh1 h5 14. Nd4
Ngf6 15. h3 b5 16. a3 Ne5 17. Bg5 h4 18. Qe3 Rh5 19. f4 Rxg5 20. fxg5 Nh5
21. Nce2 d5 22. exd5 Bxd5 23. Be4 Nc4 24. Qf3 Ne5 25. Qe3 Nc4 26. Qf2 Nd6
27. Bxd5 exd5 28. g4 hxg3 29. Nxg3 Nxg3+ 30. Qxg3 O-O-O 31. Rf3 Rd7 32. Qe5
Qc5 33. Nb3 Qc6 34. Nd4 Qc5 35. b4 Qb6 36. Qxd5 Bxg5 37. Qxg5 Qxd4 38. Rd3
Qf2 39. Qc5+ Qxc5 40. bxc5 Nc4 41. Re8+ Kc7 42. Ra8 Ne5 43. Rxd7+ Nxd7 44.
Rxa6 g5 45. Rd6 1-0

[Event "?"]
[Site "(zt) Dresden GER"]
[Date "1998.??.??"]
[Round "?"]
[White "Wahls, Matthias"]
[Black "Smirin, Ilia"]
[Result "1/2-1/2"]
[WhiteElo "2605"]
[BlackElo "2590"]

1. e4 c5 2. Nf3 e6 3. d4 cxd4 4. Nxd4 a6 5. Bd3 Bc5 6. Nb3 Be7 7. Qg4 g6 8.
Qe2 d6 9. O-O Nd7 10. Nc3 Qc7 11. Bd2 b6 12. Rae1 Bb7 13. f4 Ngf6 14. e5
Nd5 15. Nxd5 Bxd5 16. Bc3 dxe5 17. Bxa6 O-O 18. fxe5 Rxa6 19. Qxa6 Bc4 20.
Qa4 b5 21. Qa5 Qc6 22. Bd2 b4 23. Nd4 Bc5 24. Be3 Qb7 25. Nb3 Bxe3+ 26.
Rxe3 Bxf1 27. Kxf1 Ra8 28. Nc5 Rxa5 29. Nxb7 Rxa2 30. Rb3 Ra4 31. Re3 Ra7
32. Nd6 Rc7 33. Re2 Rc6 34. Ne8 h6 35. Ke1 g5 36. Kd2 Kh7 37. Re4 Kg6 38.
Rxb4 Nxe5 39. b3 f5 40. Rb7 f4 41. c4 g4 42. Rg7+ Kf5 43. c5 f3 44. gxf3
Nxf3+ 45. Ke3 Rxc5 46. Nd6+ Ke5 47. Nc4+ Kf6 48. Rxg4 Nxh2 49. Rh4 Nf1+ 50.
Kf2 Kg5 51. Re4 Rb5 52. Kxf1 Rxb3 53. Rxe6 h5 54. Nd2 Ra3 55. Kg1 h4 56.
Re4 Rd3 57. Nf1 Ra3 58. Ne3 Ra1+ 59. Kf2 Ra2+ 60. Kf3 h3 61. Rg4+ Kh5 62.
Rg8 h2 63. Rh8+ Kg5 64. Nf1 Ra3+ 65. Kg2 Ra2+ 66. Kg3 Rc2 67. Rxh2 Rc3+
1/2-1/2

[Event "?"]
[Site "ch-NED, Hilversum NED"]
[Date "2006.??.??"]
[Round "5"]
[White "Smeets, Jan"]
[Black "Van Wely, Loek"]
[Result "1/2-1/2"]
[WhiteElo "2535"]
[BlackElo "2655"]

1. e4 c5 2. Nf3 e6 3. d4 cxd4 4. Nxd4 a6 5. Bd3 Bc5 6. Nb3 Be7 7. Qg4 g6 8.
Qe2 d6 9. a4 b6 10. Na3 Nd7 11. Nc4 Bb7 12. O-O Qc7 13. Be3 Ngf6 14. a5 b5
15. Nb6 Rb8 16. c4 b4 17. f3 O-O 18. Qd2 Nc5 19. Bc2 Bc6 20. Qxb4 Nfd7 21.
Qa3 Nxb6 22. axb6 Rxb6 23. Na5 Rfb8 24. Rab1 Nb7 25. b4 Nxa5 26. Qxa5 R6b7
27. Qxc7 Rxc7 28. Bd3 Rcb7 29. Bd2 Bf6 30. Kf2 Bd4+ 31. Ke2 f5 32. Rb3 Kf7
33. Rfb1 Kf6 34. Ra3 Rb6 35. Rbb3 Bd7 36. Ra2 e5 37. Rba3 Bc8 38. Ra4 f4
39. Kd1 g5 40. h3 h5 41. Kc2 Ke7 42. R2a3 R8b7 43. Ra2 Rb8 1/2-1/2

[Event "?"]
[Site "eme open) Leuven"]
[Date "2003.??.??"]
[Round "?"]
[White "Golubev, Mihail"]
[Black "Epishin, Vladimir V"]
[Result "1/2-1/2"]
[WhiteElo "2535"]
[BlackElo "2655"]

1. e4 c5 2. Nf3 e6 3. d4 cxd4 4. Nxd4 a6 5. Bd3 Bc5 6. Nb3 Be7 7. Qg4 g6 8.
Qe2 d6 9. O-O Nd7 10. a4 Ne5 11. a5 Nf6 12. Be3 O-O 13. Nc3 Nxd3 14. cxd3
e5 15. Bb6 Qe8 16. d4 Be6 17. dxe5 dxe5 18. Nc5 Rc8 19. Nxe6 fxe6 20. f4
exf4 21. Rxf4 Nd7 22. Rxf8+ Bxf8 23. Bd4 Qe7 24. Kh1 Bg7 25. Bxg7 Kxg7 26.
Rd1 Ne5 27. Qd2 Nc6 28. Qd7 Rc7 29. Qd2 Rc8 30. Ne2 Rd8 31. Qc3+ Kg8 32.
Rf1 Rf8 33. Rxf8+ Qxf8 34. Kg1 Qd8 35. Nf4 Qxa5 36. Qxa5 Nxa5 37. Nxe6 Kf7
38. Nc5 Kf6 39. Kf2 Ke5 40. Kf3 Kd4 41. Ne6+ Ke5 42. Nc5 Nc4 43. b3 Na5 44.
Ke3 b6 45. Nd7+ Kd6 46. Nxb6 Nxb3 47. Kf4 Nc5 48. Nc4+ Ke6 49. h4 h6 50.
Na5 Kd6 1/2-1/2

[Event "?"]
[Site "Bundesliga 2004-5 ;The Week in"]
[Date "2005.??.??"]
[Round "14"]
[White "Shirov, Alexei D"]
[Black "Ginsburg, Gennadij"]
[Result "1-0"]
[WhiteElo "2710"]
[BlackElo "2475"]

1. e4 c5 2. Nf3 e6 3. d4 cxd4 4. Nxd4 a6 5. Bd3 Bc5 6. Nb3 Be7 7. c4 Nc6 8.
Nc3 d6 9. f4 Nf6 10. Be3 d5 11. e5 d4 12. Nxd4 Nxd4 13. exf6 Bxf6 14. Qh5
Nf5 15. Bxf5 exf5 16. Nd5 O-O 17. O-O-O Re8 18. Rhe1 Be6 19. Bb6 Qc8 20.
Nxf6+ gxf6 21. b3 Qc6 22. c5 Rac8 23. Kb2 Bd7 24. Rxe8+ Rxe8 25. Rd2 Qe6
26. Ba5 Kg7 27. Bc3 h6 28. Qh4 Bc6 29. Rd6 Qe2+ 30. Ka3 Re6 31. Bxf6+ Kg6
1-0